| 000 | 00535nam a2200157 i 4500 | ||
|---|---|---|---|
| 001 | 28781 | ||
| 003 | ES-MaACL | ||
| 005 | 20230906153928.0 | ||
| 007 | t| | ||
| 008 | 030120s1952 dr ||||1| spa d | ||
| 100 | 1 |
_aBalaguer, Joaquín. _924803 |
|
| 245 | 1 | 3 |
_aEl principio de la alternabilidad en la historia dominicana _b: conferencia pronunciada en el Ateneo Dominicano / _cJoaquín Balaguer. |
| 260 |
_aCiudad Trujillo : _b[s.n., _c1952] ( _fImp. Dominicana) |
||
| 300 |
_a32 p. ; _c23 cm. |
||
| 852 |
_aES-MaACL _j1952-F-16 _bR.34727 |
||
| 999 |
_c28781 _d28781 |
||